000 00329nam a22001337a 4500
008 170203b xxu||||| |||| 00| 0 eng d
020 _a9780801600159
041 _aeng
080 _23RD
_a61
100 _a3
101 _aSHM
245 _aQUESTION AND ANSWER BOOK/ FOR THE NCLEX-RN EXAMINATION
_cALBERTSON, P.J
942 _2udc
_cBK
999 _c4400
_d4400